[Event "38th Olympiad"]
[Site "Dresden GER"]
[Date "2008.11.21"]
[Round "8"]
[White "Bacrot,E"]
[Black "Aronian,L"]
[Result "1/2-1/2"]
[WhiteElo "2705"]
[BlackElo "2757"]
[EventDate "2008.11.13"]

1. e4 e5 2. Nf3 Nc6 3. Bb5 a6 4. Ba4 Nf6 5. O-O Be7 6. Re1 b5 7. Bb3 O-O 8.
c3 d5 9. exd5 Nxd5 10. Nxe5 Nxe5 11. Rxe5 c6 12. d3 Bd6 13. Re1 Bf5 14. Qf3
Qh4 15. g3 Qh3 16. Bxd5 cxd5 17. Qxd5 Rad8 18. Qg2 Qxg2+ 19. Kxg2 Bxd3 20.
Be3 Be4+ 21. Kf1 Bc6 22. Nd2 f6 23. Bd4 Rfe8 24. Re2 Kf7 25. Rae1 Rxe2 26.
Kxe2 Re8+ 27. Kd1 Rxe1+ 28. Kxe1 Ke6 29. Ke2 h5 30. Ke3 g5 31. Ne4 Be7 32.
Nc5+ Bxc5 33. Bxc5 a5 34. a4 bxa4 35. Kd4 h4 36. gxh4 gxh4 37. Bb6 h3 38.
Bxa5 f5 39. Bc7 Bf3 40. Kc5 Kd7 41. Bg3 Bc6 42. Kb4 Ke6 43. c4 Kd7 44. Ka5
Ke6 45. Kb6 Kd7 46. Bf4 Bf3 47. Bd2 Bc6 48. Kc5 Bg2 49. Kd4 Ke6 50. Ke3 Ke5
1/2-1/2

[Event "38th Olympiad"]
[Site "Dresden GER"]
[Date "2008.11.21"]
[Round "8"]
[White "Fressinet,L"]
[Black "Sargissian,G"]
[Result "0-1"]
[WhiteElo "2676"]
[BlackElo "2642"]
[EventDate "2008.11.13"]

1. d4 Nf6 2. Nf3 e6 3. c4 b6 4. g3 Ba6 5. Qc2 Bb7 6. Bg2 c5 7. d5 exd5 8.
cxd5 Nxd5 9. O-O Be7 10. Rd1 Qc8 11. Nh4 Bxh4 12. Rxd5 Be7 13. Nc3 Nc6 14.
Qf5 d6 15. Qh5 O-O 16. Be3 Nb4 17. Rd2 Bxg2 18. Kxg2 Qc6+ 19. Qf3 Qxf3+ 20.
Kxf3 f5 21. Bf4 Nc6 22. Rad1 Rfd8 23. Kg2 Rd7 24. Bxd6 Bf6 25. Na4 Rad8 26.
Bf4 Rxd2 27. Rxd2 Rxd2 28. Bxd2 Kf7 29. Kf1 Nb4 30. a3 Nd5 31. Ke1 b5 32.
Nc3 Nxc3 33. Bxc3 Bxc3+ 34. bxc3 a5 35. c4 b4 36. a4 g5 37. e3 g4 0-1

[Event "38th Olympiad"]
[Site "Dresden GER"]
[Date "2008.11.21"]
[Round "8"]
[White "Petrosian,TL"]
[Black "Tkachiev,V"]
[Result "1-0"]
[WhiteElo "2629"]
[BlackElo "2664"]
[EventDate "2008.11.13"]

1. e4 e5 2. Nf3 Nc6 3. Bc4 Bc5 4. b4 Bb6 5. a4 a6 6. Nc3 Nf6 7. Nd5 Nxd5 8.
exd5 Nd4 9. a5 Ba7 10. O-O Nxf3+ 11. Qxf3 d6 12. d3 O-O 13. Be3 Bxe3 14.
Qxe3 Bd7 15. d4 Qh4 16. c3 Rae8 17. Rfe1 f5 18. Qg3 Qh5 19. dxe5 f4 20. Qd3
Rxe5 21. Rxe5 Qxe5 22. Qd4 Qg5 23. Re1 h5 24. f3 h4 25. Bd3 h3 26. Re2 Re8
27. Rxe8+ Bxe8 28. Bf1 Bd7 29. Kh1 hxg2+ 30. Bxg2 Qg6 31. Bf1 Qb1 32. Kg2
Qc2+ 33. Kg1 Qc1 34. Kf2 Bf5 35. h4 Kh7 36. c4 Kh6 37. c5 Kh7 38. c6 Qc2+
39. Kg1 bxc6 40. dxc6 Qxc6 41. Qxf4 Bb1 42. Qe3 Qb7 43. Qb3 Bg6 44. Kg2 Qa7
45. Qd5 Qb8 46. h5 Bb1 47. b5 Kh6 48. bxa6 Qb2+ 49. Kg3 Qc1 50. Kf2 Qf4 51.
a7 Qh2+ 52. Bg2 Qh4+ 53. Kf1 1-0

[Event "38th Olympiad"]
[Site "Dresden GER"]
[Date "2008.11.21"]
[Round "8"]
[White "Gelfand,B"]
[Black "Naiditsch,A"]
[Result "1-0"]
[WhiteElo "2719"]
[BlackElo "2678"]
[EventDate "2008.11.13"]

1. Nf3 Nf6 2. c4 e6 3. d4 d5 4. Nc3 dxc4 5. e4 Bb4 6. Bg5 c5 7. Bxc4 cxd4
8. Nxd4 Bxc3+ 9. bxc3 Qa5 10. Bb5+ Nbd7 11. Bxf6 Qxc3+ 12. Kf1 gxf6 13. h4
a6 14. Rh3 Qb4 15. Be2 Ne5 16. h5 Bd7 17. Rb3 Qd6 18. Rxb7 Rd8 19. Nb3 Qc6
20. Rb4 Qc7 21. Rc1 Nc6 22. Kg1 Qf4 23. Rbc4 O-O 24. R1c3 a5 25. Qc1 Qxc1+
26. Rxc1 Ne5 27. Rd4 a4 28. Nc5 Bc6 29. Rxd8 Rxd8 30. f4 Rd2 31. fxe5 Rxe2
32. exf6 h6 33. Rd1 Kh7 34. Rd8 Bxe4 35. Kf1 1-0

[Event "38th Olympiad"]
[Site "Dresden GER"]
[Date "2008.11.21"]
[Round "8"]
[White "Khenkin,I"]
[Black "Roiz,M"]
[Result "1/2-1/2"]
[WhiteElo "2647"]
[BlackElo "2677"]
[EventDate "2008.11.13"]

1. d4 Nf6 2. c4 g6 3. Nc3 d5 4. Bf4 Bg7 5. e3 c5 6. dxc5 Qa5 7. Rc1 dxc4 8.
Bxc4 O-O 9. Nf3 Qxc5 10. Bb3 Qa5 11. O-O Nc6 12. h3 Bf5 13. Qe2 Ne4 14.
Nxe4 Bxe4 15. Rfd1 Qh5 16. Rd7 e6 17. Bc2 Bxf3 18. Qxf3 Qxf3 19. gxf3 Ne5
20. Rxb7 Rfc8 21. e4 Nxf3+ 22. Kf1 g5 23. Be3 Bd4 24. Bd1 Bxe3 25. Rxc8+
Rxc8 26. fxe3 Nd2+ 27. Kg2 Nxe4 28. Rxa7 Rc1 29. Bh5 Rc2+ 30. Kg1 Rc1+
1/2-1/2

[Event "38th Olympiad"]
[Site "Dresden GER"]
[Date "2008.11.21"]
[Round "8"]
[White "Avrukh,B"]
[Black "Fridman,D2"]
[Result "1/2-1/2"]
[WhiteElo "2657"]
[BlackElo "2630"]
[EventDate "2008.11.13"]

1. d4 d5 2. c4 e6 3. Nf3 Nf6 4. g3 dxc4 5. Bg2 c5 6. O-O Nc6 7. Ne5 Bd7 8.
Na3 cxd4 9. Naxc4 Bc5 10. a3 a5 11. Bf4 O-O 12. Rc1 Nd5 13. Nxd7 Qxd7 14.
Ne5 Nxe5 15. Bxe5 Qb5 16. Bf3 d3 17. Qxd3 Qxd3 18. exd3 Bb6 19. Rc4 Rad8
20. Rfc1 Rd7 21. Bd4 Bxd4 22. Rxd4 Rfd8 23. Bxd5 g6 24. Rc5 Rxd5 25. Rdxd5
Rxd5 26. Rxd5 exd5 27. Kg2 Kg7 28. Kf3 Kf6 29. Ke3 Ke5 30. f4+ Kd6 31. Kd4
f6 32. b3 1/2-1/2

[Event "38th Olympiad"]
[Site "Dresden GER"]
[Date "2008.11.21"]
[Round "8"]
[White "Baramidze,D"]
[Black "Postny,E"]
[Result "1/2-1/2"]
[WhiteElo "2557"]
[BlackElo "2674"]
[EventDate "2008.11.13"]

1. e4 e5 2. Nf3 Nc6 3. Bb5 a6 4. Ba4 Nf6 5. O-O Be7 6. Re1 b5 7. Bb3 d6 8.
c3 O-O 9. h3 Na5 10. Bc2 c5 11. d4 Nd7 12. dxc5 dxc5 13. Nbd2 Bb7 14. Nf1
Nc4 15. Ng3 Nd6 16. Be3 Qc7 17. b3 c4 18. b4 a5 19. a3 axb4 20. axb4 Rxa1
21. Qxa1 Ra8 22. Qb2 Bc6 23. Ra1 Qb7 24. Rxa8+ Qxa8 25. Qb1 Bf8 26. Qd1 g6
27. Kh2 Bb7 28. Bg5 Qe8 29. Qd2 Qe6 30. Be3 Ne8 31. Ng5 Qd6 32. Nf3 Qxd2
33. Nxd2 Ng7 34. Ne2 Bd6 35. g4 Ne6 36. Kg1 Bc7 37. f3 Bb6 38. Kf2 Kf8 39.
Nf1 Ke7 40. h4 Nf4 41. Bxb6 Nxb6 42. Nfg3 Nxe2 1/2-1/2

[Event "38th Olympiad"]
[Site "Dresden GER"]
[Date "2008.11.21"]
[Round "8"]
[White "Kamsky,G"]
[Black "Svidler,P"]
[Result "1-0"]
[WhiteElo "2729"]
[BlackElo "2727"]
[EventDate "2008.11.13"]

1. e4 c5 2. Nf3 e6 3. c3 d5 4. e5 d4 5. Bd3 Bd7 6. Qe2 Bc6 7. Be4 Bxe4 8.
Qxe4 Nc6 9. O-O Nge7 10. c4 h6 11. d3 g5 12. h4 Bg7 13. h5 Nc8 14. b4 Nxb4
15. Ba3 Qc7 16. Bxb4 cxb4 17. a3 Ne7 18. axb4 Nc6 19. Na3 O-O 20. Nb5 Qe7
21. Nbxd4 Nxb4 22. Nb5 Nc6 23. Rab1 a6 24. Nbd4 Nb4 25. Rb3 Rad8 26. Ra1
Qc5 27. Rab1 a5 28. Nb5 f5 29. exf6 Rxf6 30. Nbd4 Rf4 31. Nxe6 Rxe4 32.
Nxc5 Re7 33. Re1 Rxe1+ 34. Nxe1 Bf8 35. Na4 g4 36. Kf1 Kf7 37. g3 Bg7 38.
Nc5 b6 39. Ne4 Bf8 40. Ke2 Re8 41. Kd2 Re5 42. Nc2 Rxh5 43. d4 b5 44. c5
Rd5 45. Nxb4 Rxd4+ 46. Nd3 Rxe4 47. Rxb5 a4 48. Rb8 h5 49. Ra8 Bh6+ 50. Kd1
Bg7 51. Ra7+ Kg6 52. c6 Rc4 53. Nf4+ Kh6 54. Ra5 Bd4 55. c7 Rxc7 56. Rxh5+
Kg7 57. Ne6+ Kg6 58. Rd5 a3 59. Rxd4 Ra7 60. Rxg4+ Kf5 61. Rg7 Ra4 62. Nc5
a2 63. Nb3 Rb4 64. Ra7 Rxb3 65. Rxa2 Kg4 66. Ra4+ Kf3 67. Rf4+ Kg2 68. Ke2
1-0

[Event "38th Olympiad"]
[Site "Dresden GER"]
[Date "2008.11.21"]
[Round "8"]
[White "Jakovenko,D"]
[Black "Akobian,V"]
[Result "1-0"]
[WhiteElo "2737"]
[BlackElo "2606"]
[EventDate "2008.11.13"]

1. d4 d5 2. c4 c6 3. Nf3 Nf6 4. e3 e6 5. Bd3 dxc4 6. Bxc4 c5 7. O-O a6 8.
dxc5 Qxd1 9. Rxd1 Bxc5 10. b3 Nbd7 11. Bb2 b6 12. Be2 Bb7 13. Nbd2 Ke7 14.
Ne1 b5 15. a4 bxa4 16. Nd3 Rhc8 17. Nxc5 Nxc5 18. Ba3 Nfd7 19. bxa4 Kf6 20.
a5 Kg6 21. Rac1 Na4 22. Bd3+ f5 23. Nc4 Ndc5 24. Ne5+ Kh6 25. Bc4 Rc7 26.
Rd6 Rac8 27. Bxe6 Nxe6 28. Rxe6+ Kh5 29. Rxc7 Rxc7 30. h3 Nc5 31. Bxc5 Rxc5
32. Nd3 Rc7 33. Nf4+ Kg5 34. Kh2 Bc8 35. Rxa6 Rc2 36. Rb6 g6 37. Kg3 Kh6
38. h4 Kg7 39. h5 g5 40. Ne6+ Bxe6 41. Rxe6 Ra2 42. a6 Ra3 43. Kf3 Ra4 44.
Rc6 Ra2 45. h6+ Kf7 46. g4 fxg4+ 47. Kxg4 Rxf2 48. Kxg5 Ra2 49. e4 Ra5+ 50.
Kf4 Ke7 51. e5 Ra1 52. Ke4 Kd7 53. Rd6+ Ke7 54. Kd4 Rc1 55. Kd5 Ra1 56. Rb6
Kd7 57. Rb7+ Kc8 58. Rxh7 Rxa6 59. Rh8+ Kd7 60. h7 1-0

[Event "38th Olympiad"]
[Site "Dresden GER"]
[Date "2008.11.21"]
[Round "8"]
[White "Bu Xiangzhi"]
[Black "Nguyen Ngoc Truong Son"]
[Result "1/2-1/2"]
[WhiteElo "2714"]
[BlackElo "2567"]
[EventDate "2008.11.13"]

1. d4 d5 2. c4 c6 3. Nf3 Nf6 4. Nc3 a6 5. a4 e6 6. Bg5 Be7 7. e3 Nbd7 8.
Bd3 b6 9. O-O Bb7 10. cxd5 cxd5 11. Qc2 Qb8 12. a5 b5 13. Rfc1 Bd6 14. e4
dxe4 15. Nxe4 Bd5 16. Bh4 Bf4 17. Re1 Qc7 18. Qe2 Qb7 19. Bg5 Bc7 20. Bxf6
Nxf6 21. Nfg5 Qb8 22. Nxf6+ gxf6 23. Ne4 Qd8 24. Qh5 h6 25. Re3 Kf8 26. Nc3
f5 27. Be2 Rb8 28. Nxd5 Qxd5 29. Rd1 f4 30. Qxd5 exd5 31. Rc3 Bxa5 32. Rc5
Kg7 33. Rxd5 Rbd8 34. Rf5 Rhe8 35. Bf1 Re4 36. Ra1 Bb6 37. Rxa6 Bxd4 38. g3
fxg3 39. hxg3 Re5 40. Rxe5 Bxe5 41. b3 Rd2 42. Bxb5 Bd4 43. Ra4 Bxf2+ 44.
Kg2 f5 45. Kf3 Bc5 46. Kf4 Kf6 47. Ra6+ Rd6 48. Ra2 Re6 49. Bd3 Be3+ 50.
Kf3 Bd4 51. Re2 1/2-1/2

[Event "38th Olympiad"]
[Site "Dresden GER"]
[Date "2008.11.21"]
[Round "8"]
[White "Le Quang Liem"]
[Black "Ni Hua"]
[Result "1/2-1/2"]
[WhiteElo "2583"]
[BlackElo "2710"]
[EventDate "2008.11.13"]

1. d4 d5 2. Nf3 Nf6 3. c4 c6 4. Qc2 dxc4 5. Qxc4 Bf5 6. Nc3 e6 7. g3 Be7 8.
Bg2 O-O 9. O-O Nbd7 10. Re1 Bg6 11. e4 b5 12. Qxc6 b4 13. e5 bxc3 14. exf6
Nxf6 15. bxc3 Rc8 16. Qa6 Rxc3 17. Ne5 Qb6 18. Qxb6 axb6 19. d5 Bc5 20.
dxe6 fxe6 21. Nxg6 hxg6 22. Be3 Bxe3 23. Rxe3 Rxe3 24. fxe3 Rd8 25. Rb1 Rd6
26. Kf1 Kf7 27. Ke2 Nd7 28. Be4 g5 29. Bc2 Ne5 30. h3 Kf6 31. Rb4 Rc6
1/2-1/2

[Event "38th Olympiad"]
[Site "Dresden GER"]
[Date "2008.11.21"]
[Round "8"]
[White "Ivanchuk,V"]
[Black "Chandler,M"]
[Result "1-0"]
[WhiteElo "2786"]
[BlackElo "2515"]
[EventDate "2008.11.13"]

1. d4 Nf6 2. c4 e6 3. Nf3 b6 4. g3 Ba6 5. b3 Bb4+ 6. Bd2 Be7 7. Bg2 d5 8.
cxd5 exd5 9. O-O O-O 10. Nc3 Bb7 11. Qc2 Nbd7 12. Rfd1 Re8 13. Rac1 c6 14.
Ne1 Nf8 15. Bg5 Ne6 16. Bxf6 Bxf6 17. e3 Qd6 18. Nd3 g6 19. b4 Rad8 20. a4
h5 21. h4 Bg7 22. Qb3 Bh6 23. Ne2 Re7 24. Rc3 Rde8 25. Rdc1 Bg7 26. Qd1 Rc7
27. Qc2 Rce7 28. Qd1 Rc7 29. Bh3 Rce7 30. R3c2 Ba8 31. Bg2 Rc7 32. Qd2 Bb7
33. Nef4 Nxf4 34. Nxf4 Rd7 35. b5 c5 36. dxc5 bxc5 37. Rxc5 d4 38. Bxb7
Rxb7 39. R1c4 Qe7 40. exd4 Rd7 41. d5 Be5 42. Rc8 Rxc8 43. Rxc8+ Kg7 44.
Qe2 Qf6 45. Qe4 Rc7 46. Re8 Bd4 47. Kg2 Bb6 48. Qf3 Qf5 49. a5 Bxa5 50. Qa3
Bc3 51. Qf8+ Kh7 52. d6 Rd7 53. Nh3 1-0

[Event "38th Olympiad"]
[Site "Dresden GER"]
[Date "2008.11.21"]
[Round "8"]
[White "Efimenko,Z"]
[Black "Smith,Ro"]
[Result "1-0"]
[WhiteElo "2680"]
[BlackElo "2316"]
[EventDate "2008.11.13"]

1. e4 c6 2. d4 d5 3. Nc3 dxe4 4. Nxe4 Bf5 5. Ng3 Bg6 6. N1e2 e6 7. Nf4 Bd6
8. c3 Qc7 9. Ngh5 Bxh5 10. Nxh5 g6 11. Ng3 Nf6 12. Qf3 Nbd7 13. Bc4 O-O-O
14. O-O h5 15. Bg5 Be7 16. Rad1 Rde8 17. Rfe1 h4 18. Nf1 Rh5 19. Bc1 Rf5
20. Qe2 Nd5 21. Bd3 Nf4 22. Bxf4 Rxf4 23. g3 Rf6 24. Ne3 e5 25. Ng4 exd4
26. Nxf6 Nxf6 27. Qe5 dxc3 28. bxc3 hxg3 29. hxg3 Qb6 30. Bf1 Ng4 31. Qd4
Qxd4 32. Rxd4 Nf6 33. Bc4 Bc5 34. Rxe8+ Nxe8 35. Rf4 f6 36. Bf7 g5 37. Rf5
Nd6 38. Be6+ 1-0

[Event "38th Olympiad"]
[Site "Dresden GER"]
[Date "2008.11.21"]
[Round "8"]
[White "Nokes,R"]
[Black "Volokitin,And"]
[Result "0-1"]
[WhiteElo "2293"]
[BlackElo "2659"]
[EventDate "2008.11.13"]

1. e4 c5 2. Nf3 e6 3. d4 cxd4 4. Nxd4 a6 5. Nc3 d6 6. Be3 b5 7. g4 Bb7 8.
Bg2 Nd7 9. a3 Be7 10. g5 Ne5 11. h4 h6 12. f4 Nc4 13. Bc1 hxg5 14. fxg5 g6
15. Qf3 Qd7 16. b3 Ne5 17. Qg3 Bf8 18. Bb2 Bg7 19. O-O-O Ne7 20. Bh3 Rc8
21. Rhe1 Rc5 22. Rd2 N5c6 23. Nd5 Nxd4 24. Nf6+ Bxf6 25. gxf6 Nec6 26. Bxd4
Nxd4 27. Rxd4 Qc7 28. Rd2 Rc3 29. Re3 Rxe3 30. Qxe3 Rxh4 31. Qg3 Rh5 32.
Bg2 Qc5 33. Qxd6 Qxd6 34. Rxd6 Rh2 35. Rb6 Bc8 36. Bf3 Rf2 37. Rc6 Bb7 38.
Rc3 g5 39. Re3 Kd7 40. Kb2 Kc7 41. b4 e5 42. Bg4 Rxf6 43. Bf5 Rc6 44. Rg3
f6 45. Rh3 Bc8 46. Rh7+ Kd6 47. Bg6 Rc7 48. Rh8 g4 49. Rd8+ Kc6 50. Rf8 Rg7
51. Rxf6+ Kc7 52. Bh5 g3 53. Rf1 Bb7 54. Kc3 Bxe4 55. Kd2 g2 56. Rg1 Rg3
57. Bd1 Rxa3 58. c3 Ra1 59. Ke3 Bc2 60. Rxg2 Bxd1 61. Rg1 Kd6 0-1

[Event "38th Olympiad"]
[Site "Dresden GER"]
[Date "2008.11.21"]
[Round "8"]
[White "Guseinov,G"]
[Black "Zelcic,R"]
[Result "1-0"]
[WhiteElo "2650"]
[BlackElo "2589"]
[EventDate "2008.11.13"]

1. e4 c6 2. d4 d5 3. Nd2 dxe4 4. Nxe4 Bf5 5. Ng3 Bg6 6. h4 h6 7. Nf3 Nd7 8.
h5 Bh7 9. Bd3 Bxd3 10. Qxd3 e6 11. Bd2 Ngf6 12. O-O-O Qc7 13. Qe2 O-O-O 14.
Ne5 Nb6 15. Ba5 c5 16. Rh4 Bd6 17. dxc5 Bxc5 18. Nd3 Rd5 19. Bc3 Rhd8 20.
Ne4 Nxe4 21. Rxe4 Bd4 22. Bxd4 Rxd4 23. Rxd4 Rxd4 24. f4 Nd5 25. g3 Qc4 26.
Qe5 Nf6 27. Qa5 a6 28. Qa3 Rd8 29. Ne5 Rxd1+ 30. Kxd1 Qf1+ 31. Kd2 Qf2+ 32.
Kd1 Nd5 33. Ng4 Qg1+ 34. Ke2 Kb8 35. Nf2 Qh2 36. Qf8+ Ka7 37. Qxg7 Qxh5+
38. Qg4 Qh2 39. f5 e5 40. Qc4 Qg2 41. Qc5+ b6 42. Qd6 a5 43. Qd7+ Ka6 44.
Qxf7 Nb4 45. Qc4+ Kb7 46. f6 Qxg3 47. f7 Qg7 48. Qe6 1-0

[Event "38th Olympiad"]
[Site "Dresden GER"]
[Date "2008.11.21"]
[Round "8"]
[White "Stevic,H"]
[Black "Mammadov,R"]
[Result "1/2-1/2"]
[WhiteElo "2588"]
[BlackElo "2121"]
[EventDate "2008.11.13"]

1. e4 c5 2. c3 d5 3. exd5 Qxd5 4. d4 Nf6 5. Nf3 e6 6. Be3 cxd4 7. cxd4 Bb4+
8. Nc3 Bd7 9. Be2 O-O 10. O-O Bxc3 11. bxc3 Bb5 12. Rb1 a6 13. a4 Bxe2 14.
Qxe2 Rc8 15. Rfc1 Nc6 16. c4 Qd7 17. Qb2 Qd8 18. h3 Na5 19. Qb4 Rxc4 20.
Rxc4 Nd5 21. Bg5 f6 22. Qe1 Nxc4 23. Qxe6+ Kh8 24. Rxb7 Qg8 25. Qxg8+ Kxg8
26. Bd2 a5 27. Rb5 Ndb6 28. Be1 Nxa4 29. Nd2 Na3 30. Rb3 Nc2 31. Nf3 Nxe1
32. Nxe1 Ra6 33. Nc2 Nb6 34. Rb5 Nc4 35. Kf1 a4 36. Ke2 a3 37. Kd3 Nd6 38.
Rb1 a2 39. Ra1 Kf7 40. Nb4 Ra3+ 41. Kc2 Nb5 42. Rxa2 Nxd4+ 43. Kd2 Rxa2+
44. Nxa2 1/2-1/2

[Event "38th Olympiad"]
[Site "Dresden GER"]
[Date "2008.11.21"]
[Round "8"]
[White "Topalov,V"]
[Black "Zhigalko,S"]
[Result "1-0"]
[WhiteElo "2791"]
[BlackElo "2592"]
[EventDate "2008.11.13"]

1. d4 Nf6 2. c4 e6 3. Nf3 b6 4. g3 Ba6 5. Qc2 Bb4+ 6. Bd2 Be7 7. Bg2 c6 8.
c5 O-O 9. Na3 Bb7 10. b4 a5 11. Nc4 Nd5 12. Rb1 axb4 13. Nxb6 Nxb6 14. Rxb4
Ra6 15. Qb3 d5 16. Rxb6 Rxb6 17. cxb6 c5 18. O-O c4 19. Qb2 Nc6 20. a4 Qd7
21. a5 Ra8 22. Ra1 f5 23. e3 Bd6 24. h4 Ba6 25. Bc3 h6 26. Bf1 Kf8 27. Be2
Ke7 28. Bd1 Kd8 29. Ba4 Kc8 30. Ne5 Bxe5 31. dxe5 Kb7 32. Qa3 Rc8 33. h5
Rd8 34. Qc5 Qc8 35. Rd1 Rd7 36. f4 Rf7 37. Qd6 Qd7 38. Kf2 Qc8 39. Rxd5
exd5 40. e6 1-0

[Event "38th Olympiad"]
[Site "Dresden GER"]
[Date "2008.11.21"]
[Round "8"]
[White "Aleksandrov,A"]
[Black "Cheparinov,I"]
[Result "1-0"]
[WhiteElo "2617"]
[BlackElo "2696"]
[EventDate "2008.11.13"]

1. d4 d5 2. c4 e6 3. Nf3 Nf6 4. e3 a6 5. Nc3 dxc4 6. Bxc4 b5 7. Bd3 Bb7 8.
Qe2 c5 9. dxc5 b4 10. Na4 Nbd7 11. O-O Bxc5 12. a3 O-O 13. Rd1 Qb8 14. Nxc5
Nxc5 15. axb4 Nxd3 16. Rxd3 Be4 17. Rd4 e5 18. Rd1 Bxf3 19. gxf3 Qxb4 20.
Rxa6 Rad8 21. e4 Nh5 22. Rc6 h6 23. Kg2 Qb7 24. Rxd8 Rxd8 25. Qc2 Nf4+ 26.
Bxf4 exf4 27. e5 Re8 28. h4 Qe7 29. Rc8 Qxe5 30. b4 Rxc8 31. Qxc8+ Kh7 32.
Qc6 g6 33. b5 Qe7 34. b6 Qxh4 35. b7 Qd8 36. Qb5 Qb8 37. Qd7 1-0

[Event "38th Olympiad"]
[Site "Dresden GER"]
[Date "2008.11.21"]
[Round "8"]
[White "Zhigalko,A"]
[Black "Delchev,A"]
[Result "1/2-1/2"]
[WhiteElo "2568"]
[BlackElo "2632"]
[EventDate "2008.11.13"]

1. e4 e5 2. Nf3 Nc6 3. Bb5 a6 4. Ba4 Nf6 5. O-O b5 6. Bb3 Bc5 7. c3 d6 8.
a4 Bg4 9. h3 Bxf3 10. Qxf3 Na5 11. Bc2 b4 12. d3 Rb8 13. Nd2 O-O 14. Re1
Re8 15. Nf1 bxc3 16. bxc3 Nb3 17. Rb1 Nxc1 18. Rexc1 Qe7 19. Bb3 c6 20. Nd2
d5 21. exd5 cxd5 22. Bxd5 Rxb1 23. Rxb1 Bxf2+ 24. Kxf2 Qc5+ 25. d4 Qxd5 26.
Qxd5 Nxd5 27. dxe5 Nxc3 28. Rb4 f6 29. Nc4 fxe5 30. a5 e4 31. Rb6 Nd5 32.
Rxa6 e3+ 33. Ke1 Nf4 34. g3 Nd3+ 35. Ke2 Nc1+ 36. Ke1 Nd3+ 37. Ke2 Nc1+ 38.
Ke1 1/2-1/2

[Event "38th Olympiad"]
[Site "Dresden GER"]
[Date "2008.11.21"]
[Round "8"]
[White "Adams,Mi"]
[Black "Jobava,Ba"]
[Result "1/2-1/2"]
[WhiteElo "2734"]
[BlackElo "2664"]
[EventDate "2008.11.13"]

1. e4 c6 2. d4 d5 3. exd5 cxd5 4. c4 Nf6 5. Nc3 e6 6. Nf3 Bb4 7. cxd5 Nxd5
8. Qc2 Nc6 9. Bd3 Nf6 10. O-O O-O 11. a3 Be7 12. Be3 Bd7 13. Rad1 Rc8 14.
Ne5 g6 15. Qe2 Re8 16. Bc4 a6 17. Rfe1 b5 18. Bb3 Rc7 19. Bh6 Qc8 20. d5
exd5 21. Nxd5 Nxd5 22. Nxd7 Rxd7 23. Bxd5 Rd6 24. Bf4 Rf6 25. Bg5 Rd6 26.
Bf4 Rf6 27. Bg5 Rd6 28. Bxc6 Rxc6 29. Rc1 Rxc1 30. Rxc1 Qe6 31. Qxe6 fxe6
32. Bxe7 Rxe7 33. Kf1 Rd7 34. Ke2 Rd5 35. b4 Re5+ 36. Kf1 Rd5 37. Rc6 a5
38. bxa5 Rd3 39. Rb6 Rxa3 40. Rxb5 Ra2 41. h4 Kf7 42. g3 h6 43. Kg2 Kf6 44.
Kf3 h5 45. Ke3 e5 46. Rb6+ Kf5 47. a6 g5 48. hxg5 Ra3+ 49. Kd2 Kxg5 50. Kc2
e4 51. Kb2 Ra5 52. Kb3 Kg4 53. Rg6+ Kf5 54. Rc6 Kg4 55. Kb4 Ra2 56. Rf6 Kg5
57. Kb3 Ra5 58. Rd6 Kg4 59. Rc6 Ra1 60. Kb2 Ra5 61. Kc3 Ra2 62. Kd4 Rxf2
63. Kxe4 1/2-1/2

[Event "38th Olympiad"]
[Site "Dresden GER"]
[Date "2008.11.21"]
[Round "8"]
[White "Izoria,Z"]
[Black "Short,N"]
[Result "0-1"]
[WhiteElo "2610"]
[BlackElo "2642"]
[EventDate "2008.11.13"]

1. c4 e5 2. Nc3 d6 3. Nf3 f5 4. g3 Nc6 5. d4 e4 6. d5 Ne5 7. Nd4 Nf6 8. Bh3
g6 9. f3 exf3 10. exf3 Bg7 11. f4 Neg4 12. O-O O-O 13. Bg2 Re8 14. h3 Ne3
15. Bxe3 Rxe3 16. Qd2 Rxg3 17. Nde2 Rxg2+ 18. Kxg2 c5 19. Ng3 Bd7 20. Rf3
a6 21. a4 b6 22. Qd3 Ne8 23. Ra2 Rb8 24. b3 Nc7 25. Nce2 b5 26. axb5 axb5
27. Ra7 Bf6 28. Qd2 bxc4 29. bxc4 Rb4 30. Qa2 Qb8 31. Raa3 Bc8 32. Rfe3 Kf8
33. Kf2 Qb6 34. Qc2 Bd4 35. Kf3 Bb7 36. Nxd4 cxd4 37. Re2 Nxd5 38. cxd5
Bxd5+ 39. Ne4 fxe4+ 40. Kg3 Qc5 0-1

[Event "38th Olympiad"]
[Site "Dresden GER"]
[Date "2008.11.21"]
[Round "8"]
[White "Howell,D"]
[Black "Mchedlishvili,M"]
[Result "1/2-1/2"]
[WhiteElo "2593"]
[BlackElo "2615"]
[EventDate "2008.11.13"]

1. e4 e5 2. Bc4 Nf6 3. d3 Bc5 4. Nf3 Nc6 5. c3 a6 6. Bb3 Ba7 7. h3 d6 8.
Nbd2 O-O 9. Nf1 d5 10. Qe2 Be6 11. Bc2 dxe4 12. dxe4 Nh5 13. g3 Nf6 14. Bg5
h6 15. Bh4 g5 16. Nxg5 hxg5 17. Bxg5 Kg7 18. f4 Qd6 19. f5 Bc8 20. Rd1 Qc5
21. Ne3 Rh8 22. Nd5 Nxd5 23. Rxd5 Qb6 24. Bb3 Kf8 25. h4 Rg8 26. Qd2 Kg7
27. Rf1 Na5 28. Bd1 f6 29. Rd7+ Bxd7 30. Qxd7+ Kh8 31. Qf7 Rg7 32. Qxf6
Qxb2 33. Qh6+ Kg8 34. Qe6+ Kh8 35. Qh6+ Kg8 36. Qe6+ Kh8 37. Qh6+ Kg8 38.
Qe6+ 1/2-1/2

[Event "38th Olympiad"]
[Site "Dresden GER"]
[Date "2008.11.21"]
[Round "8"]
[White "Pantsulaia,L"]
[Black "Jones,G"]
[Result "1/2-1/2"]
[WhiteElo "2580"]
[BlackElo "2548"]
[EventDate "2008.11.13"]

1. Nf3 Nf6 2. c4 g6 3. g3 Bg7 4. Bg2 O-O 5. O-O d6 6. d4 Nbd7 7. Nc3 e5 8.
h3 Re8 9. e4 exd4 10. Nxd4 a6 11. Re1 Rb8 12. Rb1 Ne5 13. b3 c5 14. Nc2 Nc6
15. Re2 b5 16. Rd2 Re6 17. cxb5 axb5 18. b4 Qf8 19. a3 Ba6 20. f4 Nh5 21.
Rd3 Nd4 22. g4 Nxc2 23. Qxc2 c4 24. Rd1 Ng3 25. Nd5 Rbe8 26. f5 gxf5 27.
gxf5 Nxf5 28. exf5 Re2 29. Rd2 Bd4+ 30. Kh2 Be5+ 31. Kg1 Bd4+ 32. Kh2 Be5+
1/2-1/2

[Event "38th Olympiad"]
[Site "Dresden GER"]
[Date "2008.11.21"]
[Round "8"]
[White "Markos,J"]
[Black "Halkias,S"]
[Result "1-0"]
[WhiteElo "2557"]
[BlackElo "2584"]
[EventDate "2008.11.13"]

1. d4 e6 2. c4 Nf6 3. Nc3 Bb4 4. Qc2 d5 5. a3 Bxc3+ 6. Qxc3 c5 7. dxc5 d4
8. Qg3 Nc6 9. Qxg7 Rg8 10. Qh6 Rg6 11. Qd2 a5 12. Nf3 e5 13. g3 Ne4 14. Qd1
Nxc5 15. Bg2 e4 16. Nh4 Rg4 17. b3 Rxh4 18. gxh4 Qxh4 19. Bb2 Bg4 20. O-O
O-O-O 21. f3 Bh3 22. Qe1 Qg5 23. Qg3 Qe3+ 24. Kh1 Bxg2+ 25. Qxg2 Qxb3 26.
Rab1 Qxc4 27. fxe4 Qe6 28. e5 Nxe5 29. Rbc1 b6 30. Rf4 Nc6 31. e3 f5 32.
Bxd4 Ne4 33. Bxb6 Rd7 34. Bd4 Qd5 35. h4 Rd6 36. Kh2 Rg6 37. Qe2 Kd7 38.
Qc4 Rd6 39. Qxd5 Rxd5 40. Rc2 h5 41. Rg2 Ne7 42. Rg7 Ke6 43. Rf1 Nd2 44.
Rf2 Nb3 45. Rh7 Nxd4 46. exd4 Ng8 47. Re2+ Kf6 48. Re8 Kg6 49. Ra7 Nf6 50.
Re6 Rd8 51. Raa6 Rf8 52. Kg3 Kg7 53. Kf4 Nd5+ 54. Kg5 f4 55. Ra7+ Kg8 56.
Rg6+ Kh8 57. Rh6+ Kg8 58. Rhh7 Re8 59. Rag7+ Kf8 60. Rf7+ Kg8 61. Rhg7+ Kh8
62. Kh6 Re6+ 63. Rg6 Rxg6+ 64. Kxg6 Kg8 65. Rd7 1-0

[Event "38th Olympiad"]
[Site "Dresden GER"]
[Date "2008.11.21"]
[Round "8"]
[White "Mastrovasilis,D"]
[Black "Vavrak,P"]
[Result "1/2-1/2"]
[WhiteElo "2572"]
[BlackElo "2478"]
[EventDate "2008.11.13"]

1. e4 e6 2. d4 d5 3. Nc3 Nf6 4. e5 Nfd7 5. f4 c5 6. Nf3 Nc6 7. Be3 a6 8.
Qd2 b5 9. Qf2 Qa5 10. Bd3 c4 11. Be2 b4 12. Nd1 b3+ 13. c3 Qxa2 14. Rc1 a5
15. O-O g6 16. g4 Nb6 17. f5 exf5 18. Bg5 a4 19. Bf6 Rg8 20. Ng5 Be6 21.
Kh1 Ne7 22. Ne3 Qxb2 23. Bxe7 Bxe7 24. gxf5 Bxf5 25. Nxf5 gxf5 26. Nxf7 a3
27. Rce1 a2 28. Qxf5 a1=Q 29. Qe6 Qxe2 30. Nd6+ Kd8 31. Nf7+ Ke8 32. Nd6+
Kd8 33. Nf7+ Ke8 1/2-1/2

[Event "38th Olympiad"]
[Site "Dresden GER"]
[Date "2008.11.21"]
[Round "8"]
[White "Gurevich,M1"]
[Black "Miton,K"]
[Result "1/2-1/2"]
[WhiteElo "2634"]
[BlackElo "2604"]
[EventDate "2008.11.13"]

1. d4 d5 2. c4 c6 3. Nf3 Nf6 4. Qb3 dxc4 5. Qxc4 Bf5 6. g3 e6 7. Bg2 Nbd7
8. Nc3 Be7 9. O-O O-O 10. Re1 Bg6 11. e4 b5 12. Qxc6 b4 13. e5 Rc8 14. Qa6
bxc3 15. exf6 Nxf6 16. bxc3 Rxc3 17. Ne5 Qb6 18. Qxb6 axb6 19. Nxg6 hxg6
20. Rb1 Rc2 21. Bf3 Rxa2 22. Rxb6 Ra1 23. Kf1 Rd8 24. Be3 Rxe1+ 25. Kxe1
Nd5 26. Bxd5 Rxd5 27. Rb8+ Rd8 28. Rxd8+ Bxd8 29. Ke2 Kf8 30. Kd3 Ke7 31.
Ke4 1/2-1/2